Podaj milionowe miasto świata - Statystyki

Ogólne statystyki
  • Ten quiz został rozwiązany 27 razy
  • Średni wynik to 9 z 12
Statystyki odpowiedzi
Podaj dowolne milionowe miasto... Miasto % Poprawnych
W Ukrainie poza Kijowem Charków | Odessa
88%
W Ameryce Środkowej (bez Meksyku) Managua | Hawana | Tegucigalpa | Santo Domingo | Santiago
88%
Na Dunaju Belgrad | Wiedeń | Budapeszt
84%
W Zatoce Perskiej Kuwejt | Abu Dhabi | Dammam | Doha | Dubaj | Manama
80%
W Europie na literę W poza Warszawą Woroneż | Wiedeń | Wołgograd
80%
W Unii Europejskiej która nie jest stolicą Barcelona | Monachium | Kolonia | Hamburg | Birmingham | Mediolan | Antwerpia
72%
W Australii poza Melbourne i Sydney Brisbane | Perth | Adelaide
72%
Z tą samą nazwą co państwo którego jest stolicą Kuwejt | Meksyk | Singapur
68%
W Nowej Zelandii Auckland
64%
Francuskojęzyczne poza Paryżem Kinszasa | Abidżan | Montreal | Dakar | Casablanca | Jaunde | Duala | Wagadugu | Algier | Bamako | Antananarywa | Bejrut | Bruksela | Lubumbashi | Tunis | Lome | Konakry | Mbuji-Mayi
56%
Zaczynające się na literę U Urumqi | Ufa | Ułan Bator | Ulsan
52%
Portugalskojęzyczne poza Brazylią Luanda | Maputo
48%
Nie znaleziono quizów pasujących do podanych kryteriów
Rozkład punktacji
Procent ludzi z każdym wynikiem
Percentyl według liczby udzielonych odpowiedzi
Twoja historia wyników
Nie rozwiązałeś tego quizu